| 000 | 01496cam a2200301 a 4500 | ||
|---|---|---|---|
| 005 | 20160805104228.0 | ||
| 008 | 050419s2004 ck a r 10110 spa d | ||
| 020 | _a9589728944 | ||
| 040 |
_ala _cla _dCO-BoIAVH |
||
| 041 | 0 | _aspa | |
| 044 | _ack | ||
| 082 | 0 | 4 |
_a639.8 _bC65r |
| 111 | 2 |
_aCongreso Colombiano de Acuicultura _d(2004 : _cVillavicencio) |
|
| 245 | 1 | 0 |
_aRetos frente a la globalización de mercados / _cMemorias II Congreso Colombiano de Acuicultura, X Jornada de Acuicultura IALL, Villavicencio, octubre 27 al 29 de 2004 ; editor Pedro René Eslava Mocha, Grupo de Investigación Acuicultura Universidad de los Llanos. |
| 260 |
_aVillavicencio : _bUniversidad de los Llanos, _c2004. |
||
| 300 |
_a159 páginas : _bilustraciones ; _c28 x 20 cm. |
||
| 504 | _aIncluye referencias bibliográficas e índice. | ||
| 650 | 2 | 6 |
_aAcuicultura _zColombia _vCongresos, conferencias, etc.. |
| 650 | 2 | 6 |
_aMaricultura _zColombia _vCongresos, conferencias, etc.. |
| 650 | 2 | 6 |
_aGlobalización _zColombia _vCongresos, conferencias, etc.. |
| 650 | 2 | 6 |
_aPesca _zColombia _vCongresos, conferencias, etc.. |
| 700 | 1 | _aEslava Mocha, Pedro René | |
| 710 | 2 |
_aUniversidad de los Llanos _c(Villavicencio). _bGrupo de Investigación Acuicultura, _eeditora |
|
| 711 | 2 | _aJornada de Acuicultura - IALL | |
| 740 | 0 | 2 | _aMemorias II Congreso Colombiano de Acuicultura, X Jornada de Acuicultura IALL. |
| 942 |
_2ddc _cLIBRO |
||
| 949 |
_ac _bc |
||
| 999 |
_c4952 _d4952 |
||